Kármán Mór válogatott pedagógiai művei összeállította, a bevezetést és a jegyzeteket írta Faludi Szilárd. Budapest, 1969. Tankönyvkiadó. 269 lap. (Neveléstörténeti Könyvtár) : [könyvismertetés] /

Elmentve itt :
Bibliográfiai részletek
Szerző: Zibolen Endre
További közreműködők: Kármán Mór
Faludi Szilárd
Dokumentumtípus: Cikk
Megjelent: 1970
Sorozat:Magyar pedagógia : a Magyar Tudományos Akadémia Pedagógiai Bizottságának folyóirata 70 No. 1
Kulcsszavak:Neveléstörténet magyar 19. sz., Könyvismertetés
Online Access:http://misc.bibl.u-szeged.hu/12295
LEADER 00934nab a2200205 i 4500
001 misc12295
005 20191106141613.0
008 170607s1970 hu o 0|| hun d
022 |a 0025-0260 
040 |a SZTE Miscellanea Repozitórium  |b hun 
041 |a hun 
100 1 |a Zibolen Endre 
245 1 0 |a Kármán Mór válogatott pedagógiai művei   |h [elektronikus dokumentum] :  |b összeállította, a bevezetést és a jegyzeteket írta Faludi Szilárd. Budapest, 1969. Tankönyvkiadó. 269 lap. (Neveléstörténeti Könyvtár) : [könyvismertetés] /  |c  Zibolen Endre 
260 |c 1970 
300 |a 86-88 
490 0 |a Magyar pedagógia : a Magyar Tudományos Akadémia Pedagógiai Bizottságának folyóirata  |v 70 No. 1 
695 |a Neveléstörténet magyar 19. sz., Könyvismertetés 
700 0 1 |a Kármán Mór 
700 0 1 |a Faludi Szilárd 
856 4 0 |u http://misc.bibl.u-szeged.hu/12295/1/mp_1970_001_4785_086-088.pdf  |z Dokumentum-elérés